书目信息 |
| 题名: |
汉字规范字典
|
|
| 作者: | 魏励 主编 | |
| 分册: | ||
| 出版信息: | 北京 印刷工业出版社 |
|
| 页数: | 851页 | |
| 开本: | 32开 | |
| 丛书名: | ||
| 单 册: | ||
| 中图分类: | H1-61 | |
| 科图分类: | ||
| 主题词: | 汉语 | |
| 电子资源: | ||
| ISBN: | 7-80000-169-5 | |
| 000 | 00516nam0 2200193 45 | |
| 001 | 0006121677 | |
| 005 | 20000612162723.6 | |
| 010 | @a7-80000-169-5@d48.00元 | |
| 100 | @a20000612d km y0chiy0120 ea | |
| 101 | 0 | @achi |
| 105 | @a z 000yy | |
| 200 | 1 | @a汉字规范字典@AHan Zi Gui Fan Zi Dian@f魏励主编@FWei Li Zhu Bian |
| 210 | @a北京@c印刷工业出版社 | |
| 215 | @a851页@d32开 | |
| 606 | 0 | @a汉语 |
| 690 | @aH1-61@v3 | |
| 701 | 0 | @a魏励@4主编 |
| 801 | @aCN@bPftUser@c20000612 | |
| 905 | @b203860@dH1-61@eW.323@f1 | |
| 汉字规范字典/魏励主编.-北京:印刷工业出版社 |
| 851页;32开 |
| ISBN 7-80000-169-5:48.00元 |
| ● |
| 相关链接 |
|
|
|
正题名:汉字规范字典
索取号:H1-61/W.323
 
预约/预借
| 序号 | 登录号 | 条形码 | 馆藏地/架位号 | 状态 | 备注 |
| 1 | 203860 | 202038605 | 语言库209/209语言库 70排1列6层/ [索取号:H1-61/W.323] | 在馆 |